01017nam a2200241 a 450000100100000000500170001000800410002702000150006804000250008308200180010810000440012624501690017026000400033930000210037950000580040050000220045850000430048070000390052370000340056270000460059695201160064299900170075800003194620200930063313.0091125s1997 sp 000 0 spa d a8420636304 aDO-SdBNPbspacBNPHU axxxxbxxxxxxx1 aFalcón Martínez, Constantino95811310aDiccionario de mitología clásica, 1 /cConstantino Falcón Martínez, Emilio Fernández Galiano, Raquel López Melero; prólogo Manuel Fernández Galiano. aMadrid :bAlianza editorial,c1997. a327 p. ;c18 cm. aLa biblioteca posee la segunda reimpresión del 2000 aLibro de bolsillo aLa biblioteca posee el volumen 1 (A-H)1 aFernández Galiano, Emilio9581141 aLópez Melero, Raquel9581151 aFernández Galiano, Manueleprol.958116 001050718MOaGRbGRcCTd2011-07-07iLF1l0oxxxx xxxxxxxp31946-10r2020-06-25w2020-06-25y1ZNo se presta c31437d31437